Začatie podnikania - komparácia krajín V4

Modelová situácia založenia podniku v krajinách Vyšehradskej štvorky. Základné úkony pre založenie spoločnosti s ručením obmedzeným v krajinách V4. Minimálna mzda a odvodové zaťaženie v krajinách V4. Daňové zaťaženie v krajinách V4. Závery z riešenia modelovej situácie založenia podniku v krajinách...

Descripción completa

Guardado en:
Detalles Bibliográficos
Autor principal: Bruothová, Michaela, 1979-
Formato: Capítulo de libro
Lenguaje:eslovaco
Materias:
Etiquetas: Agregar Etiqueta
Sin Etiquetas, Sea el primero en etiquetar este registro!

MARC

LEADER 00000nla a2200000 4500
001 0239429
005 20240502073858.9
041 0 |a slo 
044 |a SK 
245 1 0 |a Začatie podnikania - komparácia krajín V4  |c Michaela Bruothová 
520 |a Modelová situácia založenia podniku v krajinách Vyšehradskej štvorky. Základné úkony pre založenie spoločnosti s ručením obmedzeným v krajinách V4. Minimálna mzda a odvodové zaťaženie v krajinách V4. Daňové zaťaženie v krajinách V4. Závery z riešenia modelovej situácie založenia podniku v krajinách V4. 
610 2 0 |a podnikanie 
610 2 0 |a spoločnosti s r.o. 
610 2 0 |a založenie podniku 
610 2 0 |a odvody 
610 2 0 |a poistenie sociálne 
610 2 0 |a dane z príjmov 
610 2 0 |a mzdy minimálne 
610 2 0 |a Vyšehradská štvorka 
100 1 |a Bruothová, Michaela, 1979-